000 00409nam a22001697a 4500
003 OSt
005 20151028162311.0
008 130625t xxu||||| |||| 00| 0 eng d
020 _a9788972431039
050 _aPL 991.415
_b.K49 1986
082 _aIB 951.98
_bK56 1986
245 _aKim so wol /
_cKim So Wol
300 _a143 p. ;
_bill. col. ;
_c21 cm. :
562 _e1
942 _2lcc
_cBK
999 _c3074
_d3074